000 00773nam a2200241Ia 4500
003 OSt
005 20220923223905.0
006 a|||||r|||| 00| 0
007 ta
008 Pun
024 _a223,009
037 _cTextual
040 _aARTS
_cARTS
_bPun
041 _2Pun
_aPun
082 _aO153,2:g, M8;N8
100 _aਫੁੱਲ, ਗੁਰਦਿਆਲ ਸਿੰਘ
245 0 _aਪੰਜਾਬੀ ਨਾਟਕ ਸਰੂਪ ਸਿਧਾਂਤ ਤੇ ਵਿਕਾਸ
260 _aਪਟਿਆਲਾ
_b ਪਬਲੀਕੇFਨ ਬਿਊਰੋ
_c1998
300 _a330ਪੰ
_ccm.
650 _aਪੰਜਾਬੀ ਸਾਹਿਤ
942 _hO153,2:g, M8;N8
_cTEXL
_2CC
999 _c368041
_d368041